<?xml version="1.0" encoding="UTF-8"?>
<collection xmlns="http://www.loc.gov/MARC21/slim">
<record>
  <controlfield tag="001">2650622</controlfield>
  <controlfield tag="005">20181217101827.0</controlfield>
  <datafield tag="024" ind1="8" ind2=" ">
    <subfield code="a">oai:cds.cern.ch:2650622</subfield>
    <subfield code="p">cerncds:FULLTEXT</subfield>
  </datafield>
  <datafield tag="037" ind1=" " ind2=" ">
    <subfield code="a">CERN-PHOTO-201812-333</subfield>
  </datafield>
  <datafield tag="100" ind1=" " ind2=" ">
    <subfield code="a">Brice, Maximilien</subfield>
    <subfield code="0">AUTHOR|(CDS)2070299</subfield>
    <subfield code="0">AUTHOR|(SzGeCERN)582709</subfield>
    <subfield code="u">CERN</subfield>
    <subfield code="m">Maximilien.Brice@cern.ch</subfield>
  </datafield>
  <datafield tag="245" ind1=" " ind2=" ">
    <subfield code="a">CMS detector modules for the "HGCAL" project (High Granularity Calorimeter).</subfield>
  </datafield>
  <datafield tag="260" ind1=" " ind2=" ">
    <subfield code="c">2018</subfield>
  </datafield>
  <datafield tag="269" ind1=" " ind2=" ">
    <subfield code="a">Geneva</subfield>
    <subfield code="b">CERN</subfield>
    <subfield code="c">2018-12-10</subfield>
  </datafield>
  <datafield tag="500" ind1=" " ind2=" ">
    <subfield code="a">General Photo</subfield>
  </datafield>
  <datafield tag="506" ind1=" " ind2=" ">
    <subfield code="a">public</subfield>
  </datafield>
  <datafield tag="520" ind1=" " ind2=" ">
    <subfield code="a">Prototype detector modules for the CMS "HGCAL" (High Granularity Calorimeter) phase-II upgrade project. The modules are based on 6-inch hexagonal silicon sensors, glued and wire-bonded to PCBs contining Skiroc2-CMS front-end ASICs. Single modules and arrays of seven modules (both shown) were used in beam tests at CERN in 2018, to test calorimetric performance for electrons and charged pions. The photos include Patrick Sieberer (Technical Student @ CERN), Bora Akgun (CERN Fellow) and Hao-Ren Jheng (National Central University Taiwan, PhD student)</subfield>
  </datafield>
  <datafield tag="542" ind1=" " ind2=" ">
    <subfield code="d">CERN</subfield>
    <subfield code="g">2018</subfield>
  </datafield>
  <datafield tag="595" ind1=" " ind2=" ">
    <subfield code="a">CERN EDS</subfield>
    <subfield code="s">PHOTOLAB</subfield>
  </datafield>
  <datafield tag="650" ind1="2" ind2="7">
    <subfield code="2">SzGeCERN</subfield>
    <subfield code="a">Experiments and Tracks</subfield>
  </datafield>
  <datafield tag="650" ind1="1" ind2="7">
    <subfield code="2">SzGeCERN</subfield>
    <subfield code="a">Photolab</subfield>
  </datafield>
  <datafield tag="653" ind1="1" ind2=" ">
    <subfield code="a">Experiments and Collaborations</subfield>
    <subfield code="9">CERN</subfield>
  </datafield>
  <datafield tag="653" ind1="1" ind2=" ">
    <subfield code="a">CMS</subfield>
    <subfield code="9">CERN</subfield>
  </datafield>
  <datafield tag="653" ind1="1" ind2=" ">
    <subfield code="a">HGCAL</subfield>
    <subfield code="9">CERN</subfield>
  </datafield>
  <datafield tag="690" ind1="C" ind2=" ">
    <subfield code="a">CERN</subfield>
  </datafield>
  <datafield tag="690" ind1="C" ind2=" ">
    <subfield code="a">PHOTO</subfield>
  </datafield>
  <datafield tag="856" ind1="4" ind2=" ">
    <subfield code="8">1453471</subfield>
    <subfield code="s">33657107</subfield>
    <subfield code="u">http://cds.cern.ch/record/2650622/files/201811-333_01.jpg</subfield>
  </datafield>
  <datafield tag="856" ind1="4" ind2=" ">
    <subfield code="8">1453472</subfield>
    <subfield code="s">36255875</subfield>
    <subfield code="u">http://cds.cern.ch/record/2650622/files/201811-333_02.jpg</subfield>
  </datafield>
  <datafield tag="856" ind1="4" ind2=" ">
    <subfield code="8">1453473</subfield>
    <subfield code="s">33816558</subfield>
    <subfield code="u">http://cds.cern.ch/record/2650622/files/201811-333_03.jpg</subfield>
  </datafield>
  <datafield tag="856" ind1="4" ind2=" ">
    <subfield code="8">1453474</subfield>
    <subfield code="s">29223334</subfield>
    <subfield code="u">http://cds.cern.ch/record/2650622/files/201811-333_04.jpg</subfield>
    <subfield code="z">Patrick Sieberer (left) and Hao-Ren Jheng showing an array of 7 silicon detector modules</subfield>
  </datafield>
  <datafield tag="856" ind1="4" ind2=" ">
    <subfield code="8">1453475</subfield>
    <subfield code="s">33974437</subfield>
    <subfield code="u">http://cds.cern.ch/record/2650622/files/201811-333_05.jpg</subfield>
  </datafield>
  <datafield tag="856" ind1="4" ind2=" ">
    <subfield code="8">1453476</subfield>
    <subfield code="s">27122924</subfield>
    <subfield code="u">http://cds.cern.ch/record/2650622/files/201811-333_06.jpg</subfield>
  </datafield>
  <datafield tag="856" ind1="4" ind2=" ">
    <subfield code="8">1453477</subfield>
    <subfield code="s">27566059</subfield>
    <subfield code="u">http://cds.cern.ch/record/2650622/files/201811-333_07.jpg</subfield>
    <subfield code="z">Bora Akgun working on one of the HGCAL silicon detector modules</subfield>
  </datafield>
  <datafield tag="856" ind1="4" ind2=" ">
    <subfield code="8">1453471</subfield>
    <subfield code="s">1076300</subfield>
    <subfield code="u">http://cds.cern.ch/record/2650622/files/201811-333_01.jpg?subformat=icon-1440</subfield>
    <subfield code="x">icon-1440</subfield>
  </datafield>
  <datafield tag="856" ind1="4" ind2=" ">
    <subfield code="8">1453471</subfield>
    <subfield code="s">273574</subfield>
    <subfield code="u">http://cds.cern.ch/record/2650622/files/201811-333_01.jpg?subformat=icon-640</subfield>
    <subfield code="x">icon-640</subfield>
  </datafield>
  <datafield tag="856" ind1="4" ind2=" ">
    <subfield code="8">1453471</subfield>
    <subfield code="s">39719</subfield>
    <subfield code="u">http://cds.cern.ch/record/2650622/files/201811-333_01.jpg?subformat=icon-180</subfield>
    <subfield code="x">icon-180</subfield>
  </datafield>
  <datafield tag="856" ind1="4" ind2=" ">
    <subfield code="8">1453472</subfield>
    <subfield code="s">1130227</subfield>
    <subfield code="u">http://cds.cern.ch/record/2650622/files/201811-333_02.jpg?subformat=icon-1440</subfield>
    <subfield code="x">icon-1440</subfield>
  </datafield>
  <datafield tag="856" ind1="4" ind2=" ">
    <subfield code="8">1453472</subfield>
    <subfield code="s">253400</subfield>
    <subfield code="u">http://cds.cern.ch/record/2650622/files/201811-333_02.jpg?subformat=icon-180</subfield>
    <subfield code="x">icon-180</subfield>
  </datafield>
  <datafield tag="856" ind1="4" ind2=" ">
    <subfield code="8">1453472</subfield>
    <subfield code="s">457290</subfield>
    <subfield code="u">http://cds.cern.ch/record/2650622/files/201811-333_02.jpg?subformat=icon-640</subfield>
    <subfield code="x">icon-640</subfield>
  </datafield>
  <datafield tag="856" ind1="4" ind2=" ">
    <subfield code="8">1453473</subfield>
    <subfield code="s">1281581</subfield>
    <subfield code="u">http://cds.cern.ch/record/2650622/files/201811-333_03.jpg?subformat=icon-1440</subfield>
    <subfield code="x">icon-1440</subfield>
  </datafield>
  <datafield tag="856" ind1="4" ind2=" ">
    <subfield code="8">1453473</subfield>
    <subfield code="s">255588</subfield>
    <subfield code="u">http://cds.cern.ch/record/2650622/files/201811-333_03.jpg?subformat=icon-180</subfield>
    <subfield code="x">icon-180</subfield>
  </datafield>
  <datafield tag="856" ind1="4" ind2=" ">
    <subfield code="8">1453473</subfield>
    <subfield code="s">493520</subfield>
    <subfield code="u">http://cds.cern.ch/record/2650622/files/201811-333_03.jpg?subformat=icon-640</subfield>
    <subfield code="x">icon-640</subfield>
  </datafield>
  <datafield tag="856" ind1="4" ind2=" ">
    <subfield code="8">1453474</subfield>
    <subfield code="s">1031799</subfield>
    <subfield code="u">http://cds.cern.ch/record/2650622/files/201811-333_04.jpg?subformat=icon-1440</subfield>
    <subfield code="x">icon-1440</subfield>
    <subfield code="z">Patrick Sieberer (left) and Hao-Ren Jheng showing an array of 7 silicon detector modules</subfield>
  </datafield>
  <datafield tag="856" ind1="4" ind2=" ">
    <subfield code="8">1453474</subfield>
    <subfield code="s">251102</subfield>
    <subfield code="u">http://cds.cern.ch/record/2650622/files/201811-333_04.jpg?subformat=icon-180</subfield>
    <subfield code="x">icon-180</subfield>
    <subfield code="z">Patrick Sieberer (left) and Hao-Ren Jheng showing an array of 7 silicon detector modules</subfield>
  </datafield>
  <datafield tag="856" ind1="4" ind2=" ">
    <subfield code="8">1453474</subfield>
    <subfield code="s">430943</subfield>
    <subfield code="u">http://cds.cern.ch/record/2650622/files/201811-333_04.jpg?subformat=icon-640</subfield>
    <subfield code="x">icon-640</subfield>
    <subfield code="z">Patrick Sieberer (left) and Hao-Ren Jheng showing an array of 7 silicon detector modules</subfield>
  </datafield>
  <datafield tag="856" ind1="4" ind2=" ">
    <subfield code="8">1453475</subfield>
    <subfield code="s">1351890</subfield>
    <subfield code="u">http://cds.cern.ch/record/2650622/files/201811-333_05.jpg?subformat=icon-1440</subfield>
    <subfield code="x">icon-1440</subfield>
  </datafield>
  <datafield tag="856" ind1="4" ind2=" ">
    <subfield code="8">1453475</subfield>
    <subfield code="s">255554</subfield>
    <subfield code="u">http://cds.cern.ch/record/2650622/files/201811-333_05.jpg?subformat=icon-180</subfield>
    <subfield code="x">icon-180</subfield>
  </datafield>
  <datafield tag="856" ind1="4" ind2=" ">
    <subfield code="8">1453475</subfield>
    <subfield code="s">509021</subfield>
    <subfield code="u">http://cds.cern.ch/record/2650622/files/201811-333_05.jpg?subformat=icon-640</subfield>
    <subfield code="x">icon-640</subfield>
  </datafield>
  <datafield tag="856" ind1="4" ind2=" ">
    <subfield code="8">1453476</subfield>
    <subfield code="s">247648</subfield>
    <subfield code="u">http://cds.cern.ch/record/2650622/files/201811-333_06.jpg?subformat=icon-180</subfield>
    <subfield code="x">icon-180</subfield>
  </datafield>
  <datafield tag="856" ind1="4" ind2=" ">
    <subfield code="8">1453476</subfield>
    <subfield code="s">380845</subfield>
    <subfield code="u">http://cds.cern.ch/record/2650622/files/201811-333_06.jpg?subformat=icon-640</subfield>
    <subfield code="x">icon-640</subfield>
  </datafield>
  <datafield tag="856" ind1="4" ind2=" ">
    <subfield code="8">1453476</subfield>
    <subfield code="s">810435</subfield>
    <subfield code="u">http://cds.cern.ch/record/2650622/files/201811-333_06.jpg?subformat=icon-1440</subfield>
    <subfield code="x">icon-1440</subfield>
  </datafield>
  <datafield tag="856" ind1="4" ind2=" ">
    <subfield code="8">1453477</subfield>
    <subfield code="s">248800</subfield>
    <subfield code="u">http://cds.cern.ch/record/2650622/files/201811-333_07.jpg?subformat=icon-180</subfield>
    <subfield code="x">icon-180</subfield>
    <subfield code="z">Bora Akgun working on one of the HGCAL silicon detector modules</subfield>
  </datafield>
  <datafield tag="856" ind1="4" ind2=" ">
    <subfield code="8">1453477</subfield>
    <subfield code="s">386426</subfield>
    <subfield code="u">http://cds.cern.ch/record/2650622/files/201811-333_07.jpg?subformat=icon-640</subfield>
    <subfield code="x">icon-640</subfield>
    <subfield code="z">Bora Akgun working on one of the HGCAL silicon detector modules</subfield>
  </datafield>
  <datafield tag="856" ind1="4" ind2=" ">
    <subfield code="8">1453477</subfield>
    <subfield code="s">832065</subfield>
    <subfield code="u">http://cds.cern.ch/record/2650622/files/201811-333_07.jpg?subformat=icon-1440</subfield>
    <subfield code="x">icon-1440</subfield>
    <subfield code="z">Bora Akgun working on one of the HGCAL silicon detector modules</subfield>
  </datafield>
  <datafield tag="859" ind1=" " ind2=" ">
    <subfield code="f">maximilien.brice@cern.ch</subfield>
  </datafield>
  <datafield tag="916" ind1=" " ind2=" ">
    <subfield code="s">n</subfield>
    <subfield code="w">201850</subfield>
  </datafield>
  <datafield tag="923" ind1=" " ind2=" ">
    <subfield code="p">CERN 27/R-002</subfield>
    <subfield code="r"> &lt;></subfield>
  </datafield>
  <datafield tag="960" ind1=" " ind2=" ">
    <subfield code="a">86</subfield>
  </datafield>
  <datafield tag="963" ind1=" " ind2=" ">
    <subfield code="a">PUBLIC</subfield>
  </datafield>
  <datafield tag="963" ind1=" " ind2=" ">
    <subfield code="b">VISIBLE</subfield>
  </datafield>
  <datafield tag="980" ind1=" " ind2=" ">
    <subfield code="a">PHOTOLABCERN</subfield>
  </datafield>
</record>
</collection>